|
|
|
|
| LEADER |
01333cam a2200349 a 4500 |
| 001 |
c000278220 |
| 003 |
CARM |
| 005 |
20071217172046.0 |
| 008 |
801008s1979 enkac 001 0 eng |
| 010 |
|
|
|a 81458663
|
| 015 |
|
|
|a GB80-17631
|
| 019 |
1 |
|
|a 1786925
|z 21942772
|z 57982379
|z 61012482
|5 LACONCORD2021
|
| 020 |
|
|
|a 0563177748 :
|c £10.00
|
| 035 |
|
|
|a (OCoLC)6591508
|5 LACONCORD2021
|
| 040 |
|
|
|a LC
|b eng
|c LC
|d SFU
|
| 043 |
|
|
|a e-uk---
|
| 050 |
0 |
0 |
|a HE8689.9.G7
|b B73
|
| 082 |
0 |
4 |
|a 384.54/06/041
|2 19
|
| 100 |
1 |
|
|a Briggs, Asa,
|d 1921-
|
| 245 |
1 |
0 |
|a Governing the BBC /
|c [by] Asa Briggs.
|
| 260 |
|
|
|a London :
|b British Broadcasting Corporation,
|c 1979.
|
| 300 |
|
|
|a 291 p. :
|b ill., ports. ;
|c 23 cm.
|
| 500 |
|
|
|a Includes index.
|
| 505 |
|
|
|a Includes index.
|
| 610 |
2 |
0 |
|a British Broadcasting Corporation
|x History.
|
| 650 |
|
0 |
|a Broadcasting
|z Great Britain
|x History.
|
| 710 |
2 |
|
|a British Broadcasting Corporation.
|
| 852 |
8 |
|
|b CARM
|h A1:AL26C0
|i B10168
|p 0398988
|f BK
|
| 852 |
8 |
|
|b CARM
|h A1:AN33C0
|i B08978
|p 0420790
|f BK
|
| 999 |
f |
f |
|i 30eab10c-70ef-5a87-ae09-2c0cb5efa5d3
|s 30fdcad1-9805-59a0-a7e1-ee9ae65357f6
|
| 952 |
f |
f |
|p Can circulate
|a CAVAL
|b CAVAL
|c CAVAL
|d CARM 1 Store
|e B10168
|f A1:AL26C0
|h Other scheme
|i book
|m 0398988
|
| 952 |
f |
f |
|p Can circulate
|a CAVAL
|b CAVAL
|c CAVAL
|d CARM 1 Store
|e B08978
|f A1:AN33C0
|h Other scheme
|i book
|m 0420790
|